Ο προορισμός του ανθρώπου ήτοι: τις είναι ο σκοπός της υπάρξεως και της ζωής του ανθρώπου και: τίνι τρόπω επιτυγχάνεται ούτος

Αποθηκεύτηκε σε:
Λεπτομέρειες βιβλιογραφικής εγγραφής
Κύριος συγγραφέας: Ματθόπουλος, Ευσέβιος, 1849-1929
Μορφή: Βιβλίο
Γλώσσα:Greek
Δημοσίευση: Αθήναι : Αδελφότης Θεολόγων "Η Ζωή", 1954
Έκδοση:9η έκδ.
Θέματα:
Ετικέτες: Προσθήκη ετικέτας
Δεν υπάρχουν, Καταχωρήστε ετικέτα πρώτοι!

MARC

LEADER 00000cam a2200000 i 4500
001 1/28577
008 060503s1954 gre d
035 |l 10083688 
040 |a GR-MY-UA  |b gre  |e aacr 
041 0 |a gre 
082 0 |a 193.3  |2 (22) 
100 1 |a Ματθόπουλος, Ευσέβιος,   |d 1849-1929. 
245 1 2 |a Ο προορισμός του ανθρώπου ήτοι: τις είναι ο σκοπός της υπάρξεως και της ζωής του ανθρώπου και: τίνι τρόπω επιτυγχάνεται ούτος /  |c Αρχιμ. Ευσέβιου Ματθόπουλου 
250 |a 9η έκδ. 
260 |a Αθήναι :   |b Αδελφότης Θεολόγων "Η Ζωή",   |c 1954 
300 |a 367 σ.;  |c 22 εκ. 
500 |a Με: Ο άνθρωπος και η ζωή / Αντ. Γ. Αδριανοπούλου 
650 0 0 |a Human beings. 
650 0 0 |a Faith. 
852 |a INST  |b RHODES  |c KRI  |e 20060503  |h  193.3 ΜΑΤ  |p 005400028102  |q 005400028102  |t BK  |y 0 
901 |a BIBL4-2004-2 
909 |a Ρ  |b 122926 
970 |a Σιδέρη  |b Νεκταρία  |z 2006/04/30